| 000 | 00474nam a22001337a 4500 | ||
|---|---|---|---|
| 005 | 20241118170509.0 | ||
| 008 | 241118b |||||||| |||| 00| 0 eng d | ||
| 020 | _a8123904053 | ||
| 050 | _aQA 459 EXP | ||
| 245 |
_aProblems and Solutions in Elementary Engineering Drawing/ _bplane and solid geometry in first-angle projection method _cby Experienced teachers |
||
| 260 |
_aNew Delhi _bCBS Publishers & Distributors _c2006 |
||
| 300 |
_a238p. _bill. _c21.5cm |
||
| 942 |
_2lcc _cBK _n0 |
||
| 999 |
_c1301 _d1301 |
||